[Event "Ciudad de"]
[Site "?"]
[Date "1997.??.??"]
[Round "7"]
[White "Piket Jeroen"]
[Black "Nikolic Predrag"]
[Result "1/2-1/2"]
[WhiteElo "2640"]
[BlackElo "2655"]
[PlyCount "45"]
[EventDate "1997.??.??"]
[Source "www.chesslib.no"]
[SourceDate "2004.05.04"]

1. d4 d5 2. c4 dxc4 3. Nf3 Nf6 4. Qa4+ Bd7 5. Qxc4 e6 6. Bg5 Bc6 7. Nc3 Bxf3 8. gxf3 c6 9. e3 Nbd7 10. Be2 Be7 11. Bh4 O-O 12. Bg3 a6 13. O-O g6 14. Rfd1 Nd5 15. Bd3 Ra7 16. Qb3 Nxc3 17. Bb5 Qb8 18. Rac1 Bd8 19. e4 f5 20. Ra1 Na4 21. Bxa4 Ra8 22. d5 Qc8 23. Qe3 1/2-1/2

[Event "Beograd 71/(397)"]
[Site "?"]
[Date "1997.??.??"]
[Round "?"]
[White "Ljubojevic, Ljubomir"]
[Black "Ivanchuk, Vassily"]
[Result "1/2-1/2"]
[WhiteElo "2565"]
[BlackElo "2725"]
[PlyCount "39"]
[EventDate "1997.??.??"]
[Source "ChessBase"]
[SourceDate "1997.10.01"]

1. Nf3 d5 2. d4 Nf6 3. c4 dxc4 4. Qa4+ Nc6 5. Qxc4 Bg4 6. Ne5 Be6 7. Nxc6 Bxc4 8. Nxd8 Rxd8 9. b3 Ba6 10. Bb2 e5 11. dxe5 Bb4+ 12. Bc3 Nd5 13. Bd2 Bxd2+ 14. Nxd2 Nb4 15. Kd1 O-O 16. a3 Nc6 17. e3 Bxf1 18. Rxf1 Nxe5 19. Ke2 f5 20. Rfd1 1/2-1/2

[Event "Manila"]
[Site "?"]
[Date "1992.??.??"]
[Round "?"]
[White "Vaganian, Rafael A"]
[Black "Shirov, Alexei D"]
[Result "0-1"]
[WhiteElo "2590"]
[BlackElo "2655"]
[PlyCount "24"]
[EventDate "1992.??.??"]
[Source "www.chesslib.no"]
[SourceDate "2004.05.04"]

1. Nf3 d5 2. d4 Nf6 3. c4 dxc4 4. Qa4+ c6 5. Qxc4 Bf5 6. g3 Nbd7 7. Nc3 e6 8. Bg2 Be7 9. O-O O-O 10. e3 Ne4 11. Qe2 Qb6 12. Nd2 Nd6 0-1

[Event "1st Pfalz Open"]
[Site "Neustadt a.d. Weinstrasse GER"]
[Date "2008.02.23"]
[Round "9"]
[White "Postny, E."]
[Black "Markowski, T."]
[Result "1/2-1/2"]
[WhiteElo "2627"]
[BlackElo "2585"]
[PlyCount "29"]
[EventDate "2008.02.16"]
[Source "www.chesslib.no"]
[SourceDate "2004.05.04"]

1. d4 d5 2. c4 dxc4 3. Nf3 Nf6 4. Qa4+ c6 5. Qxc4 e6 6. Bg5 b5 7. Qc2 Bb7 8. Nbd2 Nbd7 9. e3 a6 10. a4 Rc8 11. Be2 Be7 12. O-O O-O 13. Nb3 c5 14. Bxf6 gxf6 15. dxc5 1/2-1/2

[Event "Nederland (ch)"]
[Site "?"]
[Date "1995.??.??"]
[Round "?"]
[White "Sosonko, G."]
[Black "Piket, Je"]
[Result "0-1"]
[WhiteElo "2535"]
[BlackElo "2670"]
[PlyCount "48"]
[EventDate "1995.??.??"]
[Source "ChessBase"]
[SourceDate "1995.06.01"]

1. d4 d5 2. Nf3 Nf6 3. c4 dxc4 4. Qa4+ Nc6 5. Nc3 e6 6. a3 a6 7. Qxc4 Bd6 8. Bg5 h6 9. Bh4 O-O 10. Rd1 g5 11. Bg3 Rb8 12. e4 b5 13. Qe2 b4 14. axb4 Bxb4 15. Qd3 Ba5 16. Rd2 Nb4 17. Qb1 Nbd5 18. Qc2 Rxb2 19. Qxb2 Nxc3 20. Ne5 Ncxe4 21. Nc6 Bxd2+ 22. Qxd2 Nxd2 23. Nxd8 Rxd8 24. Kxd2 Rxd4+ 0-1

[Event "Manresa"]
[Site "Manresa"]
[Date "1995.??.??"]
[Round "3"]
[White "Giorgadze, Giorgi"]
[Black "Magem Badals, Jordi"]
[Result "1/2-1/2"]
[WhiteElo "2605"]
[BlackElo "2560"]
[PlyCount "120"]
[EventDate "1995.06.??"]
[Source "ChessBase"]

1. d4 d5 2. c4 dxc4 3. Nf3 Nf6 4. Qa4+ c6 5. Qxc4 Bf5 6. g3 Nbd7 7. Bg2 e6 8. O-O Nb6 9. Qb3 Qd5 10. Nbd2 Qxb3 11. Nxb3 a5 12. Bd2 Nc4 13. Rfc1 Nxd2 14. Nfxd2 Kd8 15. Nc5 Ra7 16. Nf3 Bg6 17. Ne5 Bxc5 18. Rxc5 Kc7 19. Rac1 Rd8 20. Bxc6 bxc6 21. Nxc6 Raa8 22. Nxd8+ Kxd8 23. Rb5 a4 24. f3 Ne8 25. Kf2 Ra7 26. Rc3 Nc7 27. Rb8+ Ke7 28. h4 f5 29. Rc6 Nd5 30. Rcc8 Bf7 31. Ra8 Rxa8 32. Rxa8 Be8 33. Ra7+ Bd7 34. Rb7 h6 35. e4 fxe4 36. fxe4 Nf6 37. Ke3 g5 38. b3 axb3 39. a4 Kd8 40. a5 Bc6 41. Rxb3 Nxe4 42. hxg5 hxg5 43. a6 Nxg3 44. a7 Nf5+ 45. Kd3 Kd7 46. Rb6 Bd5 47. Rb5 Bc6 48. Rb8 g4 49. a8=Q Bxa8 50. Rxa8 Kd6 51. Rd8+ Ke7 52. Rg8 Kd6 53. Ra8 g3 54. Rd8+ Kc6 55. Ke4 g2 56. Rg8 Nh4 57. Rc8+ Kd6 58. Rc1 Nf5 59. Rg1 Nh4 60. Rd1 Nf5 1/2-1/2

[Event "Linares zt"]
[Site "Linares"]
[Date "1995.??.??"]
[Round "3"]
[White "Garcia Ilundain, David"]
[Black "Piket, Jeroen"]
[Result "1/2-1/2"]
[WhiteElo "2510"]
[BlackElo "2625"]
[PlyCount "84"]
[EventDate "1995.11.??"]
[Source "ChessBase"]

1. Nf3 d5 2. d4 Nf6 3. c4 dxc4 4. Qa4+ c6 5. Qxc4 Bf5 6. Bf4 e6 7. e3 Qb6 8. Qc1 Nd5 9. Bxb8 Rxb8 10. Nbd2 Bg6 11. Nc4 Qc7 12. a3 f6 13. Be2 c5 14. dxc5 Bxc5 15. b4 Bb6 16. O-O O-O 17. Qb2 Rfd8 18. Rac1 Qe7 19. Nxb6 Nxb6 20. h4 e5 21. Nd2 Nd5 22. Rfd1 Kh8 23. Nc4 Bf7 24. Rd2 Nb6 25. Nxb6 axb6 26. Rcd1 g6 27. Bf3 Rxd2 28. Qxd2 e4 29. Be2 Ra8 30. Qd7 Qxd7 31. Rxd7 Kg8 32. Rxb7 Rxa3 33. Rxb6 Ra1+ 34. Kh2 Ra2 35. Ba6 Rxf2 36. Kg3 Rb2 37. Rb8+ Kg7 38. Rb5 Kf8 39. Rb8+ Kg7 40. Rb7 Kf8 41. Rb8+ Kg7 42. Rb7 Kf8 1/2-1/2

[Event "Titograd"]
[Site "Titograd"]
[Date "1984.??.??"]
[Round "?"]
[White "Csom, Istvan"]
[Black "Tal, Mihail"]
[Result "1/2-1/2"]
[WhiteElo "2505"]
[BlackElo "2620"]
[PlyCount "29"]
[EventDate "1984.12.??"]
[Source "ChessBase"]

1. d4 d5 2. Nf3 Nf6 3. c4 dxc4 4. Qa4+ c6 5. Qxc4 Bf5 6. Nc3 e6 7. g3 Be7 8. Bg2 O-O 9. O-O Nbd7 10. e3 Ne4 11. Qe2 Qa5 12. Bd2 Qb6 13. Nxe4 Bxe4 14. Bc3 Rfd8 15. Rfd1 1/2-1/2

[Event "Sufe Cup"]
[Site "Shanghai"]
[Date "2000.03.10"]
[Round "8"]
[White "Pigusov, Evgeny"]
[Black "Yin Hao"]
[Result "1/2-1/2"]
[WhiteElo "2610"]
[BlackElo "2496"]
[PlyCount "107"]
[EventDate "2000.03.03"]
[Source "ChessBase"]
[SourceDate "2000.05.31"]

1. Nf3 d5 2. d4 Nf6 3. c4 dxc4 4. Qa4+ Nbd7 5. Nc3 e6 6. g3 c5 7. Bg2 Nd5 8. Qxc4 N7b6 9. Qb3 cxd4 10. Nxd5 Qxd5 11. Qxd5 Nxd5 12. Nxd4 Be7 13. Bxd5 exd5 14. Nb5 Bd8 15. Be3 Bd7 16. Nd6+ Ke7 17. Nxb7 d4 18. Bg5+ f6 19. Bd2 Bc6 20. Bb4+ Kf7 21. Nxd8+ Rhxd8 22. O-O Bb5 23. Rfe1 Rac8 24. e3 d3 25. Red1 Rc2 26. Rd2 Bc6 27. f4 Rb8 28. Rxc2 dxc2 29. Bc3 Be4 30. Kf2 h5 31. h3 Bf5 32. Rc1 Ke6 33. Ke2 Kd5 34. Kd2 a6 35. Bd4 Rc8 36. Bc3 Rc6 37. g4 hxg4 38. hxg4 Be4 39. Rg1 Rc8 40. g5 Ke6 41. gxf6 gxf6 42. Bd4 Rh8 43. b4 Rh2+ 44. Kc3 Rg2 45. Rc1 f5 46. a4 Rg8 47. b5 axb5 48. axb5 Kd6 49. Kb4 Rg2 50. Kc3 Kd5 51. b6 Kc6 52. Ra1 Rh2 53. Kb3 Rh1 54. Rxh1 1/2-1/2

[Event "Calviá ol (Men)"]
[Site "Mallorca"]
[Date "2004.10.20"]
[Round "6.9"]
[White "Markus, Robert"]
[Black "Ricardi, Pablo"]
[Result "0-1"]
[WhiteElo "2555"]
[BlackElo "2548"]
[PlyCount "100"]
[EventDate "2004.10.15"]
[Source "Roberto Alvarez"]
[SourceDate "2004.10.25"]

1. d4 d5 2. c4 dxc4 3. Nf3 Nf6 4. Qa4+ c6 5. Qxc4 Bf5 6. g3 e6 7. Bg2 Nbd7 8. Nc3 Be7 9. O-O O-O 10. a4 a5 11. e3 Ne4 12. Rd1 Qb6 13. Ne1 Nxc3 14. bxc3 e5 15. Ba3 Bxa3 16. Rxa3 exd4 17. cxd4 Qb4 18. Qc1 Rfd8 19. Nd3 Qb6 20. Qc3 Rac8 21. Rc1 Nf6 22. Rb3 Qc7 23. Nf4 Be4 24. Qb2 Rb8 25. Bxe4 Nxe4 26. Rb1 Nd6 27. Qc3 Ne4 28. Qc2 Qe7 29. Nd3 Rdc8 30. Ne5 Nd6 31. Qc5 Qc7 32. Rb6 Ne4 33. Qc2 Nd6 34. Nc4 Nxc4 35. Qxc4 Qe7 36. Qc3 h5 37. Qxa5 c5 38. d5 h4 39. Qb5 Qe4 40. gxh4 c4 41. d6 Qg4+ 42. Kf1 c3 43. Rc1 Qf3 44. Ke1 Qh1+ 45. Qf1 Qd5 46. Rc2 Rc6 47. Qb5 Qxd6 48. Rxb7 Rd8 49. Kf1 Qd1+ 50. Kg2 Qg4+ 0-1

[Event "IND-ROW m"]
[Site "Bali"]
[Date "1999.05.05"]
[Round "4"]
[White "Johansen, Darryl K"]
[Black "Adianto, Utut"]
[Result "1/2-1/2"]
[WhiteElo "2490"]
[BlackElo "2607"]
[PlyCount "59"]
[EventDate "1999.05.??"]
[Source "ChessBase"]
[SourceDate "1999.08.01"]

1. d4 d5 2. Nf3 Nf6 3. c4 dxc4 4. Qa4+ c6 5. Qxc4 Bf5 6. Nc3 e6 7. Qb3 Qb6 8. Nd2 Qxb3 9. Nxb3 Bc2 10. Bf4 Nd5 11. Bg3 Bxb3 12. axb3 Bb4 13. Kd2 c5 14. dxc5 Nc6 15. e3 O-O 16. Bd6 Rfd8 17. Kc2 Rac8 18. Bc4 Nf6 19. Rhd1 a6 20. Rac1 h6 21. Kb1 Bxc3 22. bxc3 Ne4 23. f3 Nxd6 24. Rxd6 Na5 25. Rcd1 Rf8 26. c6 Nxc6 27. Kb2 Rfd8 28. f4 Rxd6 29. Rxd6 Kf8 30. Be2 1/2-1/2

[Event "El Vendrell"]
[Site "?"]
[Date "1996.??.??"]
[Round "?"]
[White "Kurajica, B."]
[Black "Giorgadze, G."]
[Result "0-1"]
[WhiteElo "2505"]
[BlackElo "2590"]
[PlyCount "90"]
[EventDate "1996.??.??"]
[Source "ChessBase"]
[SourceDate "1996.06.01"]

1. d4 Nf6 2. Nf3 d5 3. c4 dxc4 4. Qa4+ c6 5. Qxc4 Bf5 6. g3 e6 7. Bg2 Nbd7 8. O-O Nb6 9. Qb3 Qd5 10. Nbd2 Be7 11. Qd1 O-O 12. e3 Qd8 13. Ne5 h6 14. b3 a5 15. Bb2 a4 16. Rc1 Bh7 17. a3 axb3 18. Qxb3 Nfd5 19. e4 Nf6 20. Rb1 Ra7 21. Rfe1 Na4 22. Ba1 c5 23. Qe3 Qa8 24. Rec1 Rd8 25. h3 b6 26. Nec4 Rad7 27. dxc5 Bxc5 28. Qf4 Nh5 29. Qf3 Bg6 30. Nf1 Rd3 31. Nfe3 Bd4 32. Ne5 Bxe5 33. Bxe5 Nc5 34. Rxb6 Nd7 35. Rb5 Nxe5 36. Rxe5 Nf6 37. Qf4 Qxa3 38. Rec5 e5 39. Qh4 Rxe3 40. fxe3 Qxe3+ 41. Kh2 Bxe4 42. Rc8 Rxc8 43. Rxc8+ Kh7 44. Bxe4+ Nxe4 45. Rc2 Nd2 0-1

[Event "Haninge"]
[Site "Haninge"]
[Date "1988.??.??"]
[Round "?"]
[White "Schussler, Harry"]
[Black "Chandler, Murray G"]
[Result "0-1"]
[WhiteElo "2490"]
[BlackElo "2590"]
[PlyCount "100"]
[EventDate "1988.05.??"]
[Source "ChessBase"]

1. d4 d5 2. Nf3 Nf6 3. c4 dxc4 4. Qa4+ c6 5. Qxc4 Bf5 6. g3 e6 7. Bg2 Nbd7 8. O-O Be7 9. Nc3 O-O 10. Bg5 h6 11. Bxf6 Bxf6 12. e3 a5 13. Rac1 a4 14. Rfd1 Qa5 15. Nd2 Nb6 16. Qe2 Rfd8 17. Nce4 Be7 18. Nc5 Ra7 19. a3 Nc8 20. Nc4 Qc7 21. Ne5 Bf8 22. Rd2 Nb6 23. Bf3 Bd6 24. Ned3 Bh7 25. Qd1 Raa8 26. Kg2 Kh8 27. Ne4 Bf8 28. Ne5 f6 29. Nd3 e5 30. dxe5 fxe5 31. Ndc5 Bg8 32. Rxd8 Rxd8 33. Qc2 Bxc5 34. Nxc5 Qf7 35. Rd1 Rf8 36. Be4 Nd5 37. Nd3 Qh5 38. h4 Nxe3+ 39. fxe3 Bb3 40. Qc5 Qe2+ 41. Kh3 Be6+ 42. g4 Qxg4+ 43. Kh2 Qxh4+ 44. Kg1 Qg4+ 45. Kh2 Rf6 46. Qxe5 Qxd1 47. Nf4 Qd2+ 48. Bg2 Bd5 49. Nxd5 cxd5 50. Kh3 Qd3 0-1

[Event "St Petersburg op"]
[Site "St Petersburg"]
[Date "1995.??.??"]
[Round "3"]
[White "Shipov, Sergei"]
[Black "Yakovich, Yuri"]
[Result "1/2-1/2"]
[WhiteElo "2510"]
[BlackElo "2555"]
[PlyCount "24"]
[EventDate "1995.05.??"]
[Source "ChessBase"]

1. d4 d5 2. Nf3 Nf6 3. c4 dxc4 4. Qa4+ Nc6 5. Nc3 Nd5 6. Qxc4 Ndb4 7. Qb3 Nxd4 8. Nxd4 Qxd4 9. Be3 Be6 10. Qa4+ Bd7 11. Qb3 Be6 12. Qa4+ Bd7 1/2-1/2

[Event "6th ch-Asia"]
[Site "Cebu City PHI"]
[Date "2007.09.20"]
[Round "2"]
[White "Zhou Weiqi"]
[Black "Adianto, U."]
[Result "1/2-1/2"]
[WhiteElo "2469"]
[BlackElo "2583"]
[PlyCount "145"]
[EventDate "2007.09.19"]
[Source "www.chesslib.no"]
[SourceDate "2004.05.04"]

1. d4 Nf6 2. Nf3 d5 3. c4 dxc4 4. Qa4+ c6 5. Qxc4 Bf5 6. g3 e6 7. Bg2 Be7 8. O-O O-O 9. Nc3 Nbd7 10. Re1 b5 11. Qxc6 b4 12. e4 Bg6 13. e5 bxc3 14. exf6 cxb2 15. fxe7 bxa1=Q 16. exd8=Q Raxd8 17. Bg5 Qb2 18. Bxd8 Rxd8 19. d5 Nf8 20. Ne5 exd5 21. Nxg6 hxg6 22. Bxd5 Qd2 23. Re5 Qd4 24. Qb5 Rd6 25. Bb3 Ne6 26. Re3 Kh7 27. Qe8 Qf6 28. Re4 g5 29. Bxe6 Rxe6 30. Rxe6 fxe6 31. Qa4 Qe7 32. Qe4+ Kh6 33. a4 Qf6 34. Kg2 a5 35. h3 Qe7 36. g4 Qd6 37. Kf3 Qd1+ 38. Ke3 Qe1+ 39. Kd3 Qd1+ 40. Kc3 Qa1+ 41. Kd2 Qb2+ 42. Ke1 Qb3 43. Ke2 Qa2+ 44. Kf1 Qb3 45. f3 Qd1+ 46. Kf2 Qd2+ 47. Qe2 Qd4+ 48. Qe3 Qxa4 49. Qxe6+ Kh7 50. Qf5+ Kg8 51. Qd5+ Kh8 52. Qd8+ Kh7 53. Qxg5 Qc2+ 54. Kg3 a4 55. Qh5+ Kg8 56. Qd5+ Kh7 57. Qh5+ Kg8 58. Qa5 Qd1 59. Qa8+ Kf7 60. Qa7+ Kg8 61. Qa8+ Kf7 62. Qb7+ Kf8 63. Qb4+ Kf7 64. Qb7+ Kf8 65. Qc8+ Ke7 66. Qc7+ Kf8 67. Qc5+ Kf7 68. Qf5+ Ke7 69. Qe5+ Kf7 70. Qf4+ Ke7 71. Qe3+ Kf7 72. Qa7+ Kf8 73. Qa8+ 1/2-1/2

[Event "Andorra"]
[Site "?"]
[Date "1991.??.??"]
[Round "?"]
[White "Krasenkov, M."]
[Black "Garcia_Palermo, C."]
[Result "0-1"]
[WhiteElo "2570"]
[BlackElo "2455"]
[PlyCount "64"]
[EventDate "1991.??.??"]
[Source "ChessBase"]
[SourceDate "1991.06.01"]

1. Nf3 d5 2. d4 Nf6 3. c4 dxc4 4. Qa4+ c6 5. Qxc4 Bg4 6. Nc3 Bxf3 7. gxf3 g6 8. e4 Bg7 9. Bg5 O-O 10. O-O-O Nbd7 11. h4 Nb6 12. Qd3 Nh5 13. Bh3 Qc7 14. Bg4 Nf4 15. Qd2 e5 16. Bxf4 exf4 17. e5 c5 18. Rhe1 cxd4 19. Qxd4 Rad8 20. Qxf4 Rxd1+ 21. Rxd1 Bxe5 22. Qb4 Rd8 23. Rxd8+ Qxd8 24. a4 Qd3 25. Qe4 Qxe4 26. fxe4 Bxc3 27. bxc3 Nxa4 28. Kc2 Nc5 29. e5 h5 30. Bc8 f6 31. exf6 Kf7 32. c4 Kxf6 0-1

[Event "Tirnavia"]
[Site "Trnava"]
[Date "1988.??.??"]
[Round "?"]
[White "Lechtynsky, Jiri"]
[Black "Balashov, Yuri S"]
[Result "0-1"]
[WhiteElo "2470"]
[BlackElo "2555"]
[PlyCount "120"]
[EventDate "1988.03.??"]
[Source "ChessBase"]

1. Nf3 d5 2. d4 Nf6 3. c4 dxc4 4. Qa4+ Nc6 5. e3 Nd7 6. Bxc4 Nb6 7. Qb3 Nxc4 8. Qxc4 Be6 9. Qc2 Bg4 10. Nbd2 e6 11. O-O Bd6 12. b3 O-O 13. Bb2 Nb4 14. Qc4 Nd5 15. e4 Nb6 16. Qc3 f5 17. d5 Qe7 18. e5 Bb4 19. d6 Bxc3 20. dxe7 Bxb2 21. exf8=Q+ Kxf8 22. Rab1 Bc3 23. Rbc1 Nd5 24. h3 Bh5 25. Rc2 Rd8 26. Rfc1 Bb4 27. a3 Be7 28. g3 c6 29. b4 g5 30. Nd4 Kf7 31. N2b3 Nb6 32. Rd2 Na4 33. Na5 Rd7 34. Ndb3 Rc7 35. Nc4 Bf3 36. Nd6+ Kf8 37. Nd4 Bd5 38. N6b5 Rd7 39. Nxa7 Rd8 40. b5 c5 41. Nc2 Nb6 42. a4 Ra8 43. a5 Nc4 44. Rxd5 exd5 45. b6 Nxa5 46. Ne3 d4 47. Nxf5 d3 48. Nb5 c4 49. Ra1 d2 50. Kf1 Rd8 51. Nbd4 Nb3 52. Ne6+ Kf7 53. Nxd8+ Bxd8 54. Rd1 c3 55. Ne3 Bxb6 56. Nc2 Nd4 57. Ne3 Bc5 58. f4 gxf4 59. gxf4 b5 60. f5 Nxf5 0-1

[Event "BCF-ch 86th"]
[Site "Scarborough"]
[Date "1999.08.05"]
[Round "5"]
[White "Arkell, Keith C"]
[Black "Conquest, Stuart"]
[Result "0-1"]
[WhiteElo "2462"]
[BlackElo "2555"]
[PlyCount "58"]
[EventDate "1999.08.05"]
[Source "ChessBase"]
[SourceDate "1999.09.14"]

1. d4 Nf6 2. Nf3 d5 3. c4 dxc4 4. Qa4+ c6 5. Qxc4 Bg4 6. Nbd2 Nbd7 7. g3 e6 8. Bg2 Be7 9. O-O O-O 10. e4 Rc8 11. e5 Nd5 12. Ne4 c5 13. Bg5 cxd4 14. Qxd4 Bxf3 15. Bxe7 Nxe7 16. Bxf3 Nc6 17. Qa4 Nb6 18. Qb5 Nd4 19. Qd3 Nc4 20. Bg2 Nxe5 21. Qd1 Rc2 22. Qh5 f5 23. Nc3 g6 24. Qd1 Qb6 25. Kh1 Ng4 26. Nb5 Ne2 27. Qd3 Nxf2+ 28. Rxf2 Qxf2 29. Na3 Rd2 0-1

[Event "JUG-ch"]
[Site "JUG"]
[Date "1984.??.??"]
[Round "3"]
[White "Kurajica, Bojan"]
[Black "Gligoric, Svetozar"]
[Result "1-0"]
[WhiteElo "2495"]
[BlackElo "2510"]
[PlyCount "95"]
[EventDate "1984.02.??"]
[Source "ChessBase"]

1. d4 Nf6 2. Nf3 d5 3. c4 dxc4 4. Qa4+ Nbd7 5. Nc3 c6 6. Qxc4 Nb6 7. Qd3 Be6 8. g3 g6 9. Bg2 Bg7 10. O-O O-O 11. Rd1 Qc8 12. e4 Bh3 13. a4 Bxg2 14. Kxg2 a5 15. b3 Re8 16. h3 Nbd7 17. e5 Nd5 18. Nxd5 cxd5 19. Bd2 Nb8 20. Qb5 e6 21. Bxa5 Nc6 22. Bd2 Qd7 23. h4 f6 24. exf6 Bxf6 25. Bh6 Bg7 26. Bxg7 Qxg7 27. Qe2 Re7 28. Rac1 Rf8 29. Rc3 Rf5 30. Re3 Qf6 31. Qe1 e5 32. dxe5 Nxe5 33. Nd4 Rxf2+ 34. Qxf2 Qxf2+ 35. Kxf2 Ng4+ 36. Kf3 Nxe3 37. Re1 Re4 38. Nb5 Nf5 39. Rxe4 dxe4+ 40. Kxe4 Nxg3+ 41. Ke5 Nf5 42. Nd6 Nxh4 43. a5 Nf3+ 44. Kd5 h5 45. Nxb7 h4 46. Nc5 h3 47. Ne4 h2 48. Nf2 1-0

[Event "Makarska"]
[Site "Makarska"]
[Date "1997.10.11"]
[Round "9"]
[White "Gabriel, Christian"]
[Black "Cvorovic, Drazen"]
[Result "1/2-1/2"]
[WhiteElo "2575"]
[BlackElo "2425"]
[PlyCount "103"]
[EventDate "1997.10.??"]
[Source "www.chesslib.no"]
[SourceDate "2004.05.04"]

1. d4 d5 2. c4 dxc4 3. Nf3 Nf6 4. Qa4+ Nc6 5. Nc3 e6 6. Qxc4 Bb4 7. g3 Qd5 8. Qd3 Qe4 9. Qd2 Qf5 10. Bg2 O-O 11. O-O Rd8 12. a3 Ne4 13. Qe3 Bxc3 14. bxc3 Nd6 15. Nd2 Na5 16. Qd3 Qxd3 17. exd3 Bd7 18. Re1 Ba4 19. g4 Rac8 20. Re5 b6 21. Bb2 c5 22. dxc5 Rxc5 23. Rae1 Rxe5 24. Rxe5 Bc2 25. Bf1 Ndb7 26. d4 Nd6 27. Ba6 Nb3 28. Nf1 Be4 29. Be2 Na5 30. f3 Bd5 31. Ne3 f6 32. Rh5 Bb3 33. f4 g6 34. Rh3 f5 35. Bd3 Nac4 36. Nxc4 Bxc4 37. Bb1 Rc8 38. Rg3 Bd5 39. h4 Kf7 40. Bc2 Be4 41. Bd1 Bd5 42. g5 Ne4 43. Rh3 Bc4 44. h5 Kg7 45. Bf3 Bd5 46. hxg6 hxg6 47. Bxe4 fxe4 48. Kf2 b5 49. Ke3 Rh8 50. Rxh8 Kxh8 51. a4 a6 52. axb5 1/2-1/2

[Event "ARG-ch"]
[Site "Buenos Aires"]
[Date "2000.10.16"]
[Round "6"]
[White "Hoffman, Alejandro"]
[Black "Giaccio, Alfredo Gustavo"]
[Result "1/2-1/2"]
[WhiteElo "2491"]
[BlackElo "2505"]
[PlyCount "70"]
[EventDate "2000.10.10"]
[Source "ChessBase"]
[SourceDate "2000.11.10"]

1. d4 d5 2. c4 dxc4 3. Nf3 Nf6 4. Qa4+ c6 5. Qxc4 Bf5 6. g3 e6 7. Bg2 Nbd7 8. O-O Nb6 9. Qb3 Qd5 10. Qd1 Bxb1 11. Rxb1 Qxa2 12. Bf4 Qa4 13. b3 Qb5 14. Ne5 Bb4 15. e4 O-O 16. Qf3 c5 17. Rfd1 cxd4 18. Bf1 Qe8 19. Rxd4 Bc5 20. Rdd1 Rd8 21. Rxd8 Qxd8 22. Rd1 Qe7 23. Bg5 h6 24. Bxf6 Qxf6 25. Qxf6 gxf6 26. Nd7 Nxd7 27. Rxd7 Rb8 28. Be2 Kf8 29. Bh5 Be7 30. Kf1 a5 31. Be2 b5 32. Ra7 Bd8 33. Bh5 a4 34. bxa4 Be7 35. axb5 Rxb5 1/2-1/2

[Event "Budapest FS12 GM"]
[Site "Budapest"]
[Date "1999.12.04"]
[Round "1"]
[White "Horvath, Csaba"]
[Black "Nguyen Anh Dung"]
[Result "1-0"]
[WhiteElo "2509"]
[BlackElo "2484"]
[PlyCount "45"]
[EventDate "1999.12.04"]
[Source "ChessBase"]
[SourceDate "2000.01.11"]

1. d4 d5 2. Nf3 Nf6 3. c4 dxc4 4. Qa4+ Nbd7 5. Nc3 e6 6. e4 c5 7. d5 exd5 8. e5 d4 9. exf6 dxc3 10. Bxc4 Qxf6 11. Bg5 Qc6 12. O-O-O Be7 13. Qxc6 cxb2+ 14. Kxb2 bxc6 15. Bxe7 Kxe7 16. Rhe1+ Kd8 17. Ne5 Rf8 18. Nxf7+ Kc7 19. Re7 Kb6 20. Rd3 Rb8 21. Ka3 Ka5 22. Nd6 Rf4 23. g3 1-0

[Event "Budapest FS06 GM"]
[Site "Budapest"]
[Date "2000.06.12"]
[Round "10"]
[White "Kallai, Gabor"]
[Black "Lazarev, Vladimir"]
[Result "1/2-1/2"]
[WhiteElo "2489"]
[BlackElo "2493"]
[PlyCount "120"]
[EventDate "2000.06.03"]
[Source "ChessBase"]
[SourceDate "2000.07.11"]

1. d4 d5 2. c4 dxc4 3. Nf3 Nf6 4. Qa4+ c6 5. Qxc4 Bf5 6. g3 e6 7. Bg2 Be7 8. O-O O-O 9. Nc3 Nbd7 10. e3 Ne4 11. Nd2 Nxd2 12. Bxd2 e5 13. e4 exd4 14. exf5 dxc3 15. Bxc3 Bf6 16. Rad1 Qc7 17. Bxf6 Nxf6 18. g4 h6 19. Bf3 Rfd8 20. Kg2 Qb6 21. h4 Qxb2 22. g5 Nd7 23. Rb1 Qe5 24. Rxb7 Qxf5 25. Re1 Nc5 26. Bg4 Qd5+ 27. Qxd5 Rxd5 28. Rc7 hxg5 29. Bf3 Rf5 30. Rxc6 Rd8 31. Rc1 Ne6 32. Rc8 Kf8 33. Bg4 Rfd5 34. Bxe6 fxe6 35. Rxd8+ Rxd8 36. hxg5 Rd7 37. Rc6 Kf7 38. Kg3 Kg6 39. Kg4 Rd4+ 40. f4 Kh7 41. Rxe6 Ra4 42. Kh5 Rxf4 43. Re7 a5 44. g6+ Kg8 45. Ra7 Kf8 46. Rxa5 Rf2 47. a4 Ke7 48. Ra7+ Ke6 49. a5 Rf1 50. Rxg7 Rh1+ 51. Kg5 Rg1+ 52. Kf4 Kf6 53. Rg8 Ra1 54. Ra8 Ra4+ 55. Ke3 Kxg6 56. a6 Kf7 57. Kd3 Ra1 58. Kc4 Ra2 59. Kb5 Rb2+ 60. Kc6 Rc2+ 1/2-1/2

[Event "Matinhos"]
[Site "?"]
[Date "1994.??.??"]
[Round "?"]
[White "Gretarsson, H."]
[Black "Spangenberg, H."]
[Result "1-0"]
[WhiteElo "2450"]
[BlackElo "2530"]
[PlyCount "79"]
[EventDate "1994.??.??"]
[Source "ChessBase"]
[SourceDate "1994.10.01"]

1. d4 d5 2. Nf3 Nf6 3. c4 dxc4 4. Qa4+ c6 5. Qxc4 Bf5 6. g3 e6 7. Bg2 Nbd7 8. Qb3 Qb6 9. O-O Qxb3 10. axb3 Bc2 11. Nfd2 Bb4 12. Na3 Bg6 13. Ndc4 Ke7 14. Nb1 Bc2 15. Bd2 Bxd2 16. Nbxd2 Rhc8 17. Rfc1 Bg6 18. Na5 Rc7 19. b4 a6 20. e4 Nb6 21. f3 Rd8 22. Ndb3 Nfd7 23. f4 f6 24. d5 exd5 25. exd5 Nb8 26. dxc6 bxc6 27. Nxc6+ Nxc6 28. Na5 Rd2 29. Nxc6+ Kf8 30. Rxa6 Nc8 31. b3 Bd3 32. Ra8 Rb2 33. Bd5 g6 34. Rd1 Be2 35. Re1 Kg7 36. Nd4 Bg4 37. Be6 Re7 38. Rxc8 Rd2 39. Rc4 Bh3 40. b5 1-0

[Event "Hania op"]
[Site "Hania"]
[Date "1993.??.??"]
[Round "3"]
[White "Moutousis, Konstantinos"]
[Black "Ibragimov, Ildar"]
[Result "0-1"]
[WhiteElo "2425"]
[BlackElo "2550"]
[PlyCount "80"]
[EventDate "1993.08.??"]
[Source "ChessBase"]

1. d4 d5 2. c4 dxc4 3. Nf3 Nf6 4. Qa4+ Nc6 5. g3 Nd5 6. Qxc4 Nb6 7. Qd3 e5 8. dxe5 Qxd3 9. exd3 Bg4 10. Nbd2 Nb4 11. Kd1 O-O-O 12. h3 Bh5 13. g4 Bg6 14. Ne1 h5 15. g5 Bc5 16. f4 Bf2 17. Ndf3 Bxe1 18. Nxe1 Nxd3 19. Nxd3 Bxd3 20. Bxd3 Rxd3+ 21. Ke2 Rhd8 22. f5 R3d5 23. Bf4 Nc4 24. Rad1 Nxe5 25. Rxd5 Rxd5 26. Ke3 Nd3 27. Bh2 Nxb2 28. Ke4 c6 29. Rf1 Nc4 30. Rf2 Kd7 31. g6 f6 32. Rg2 b5 33. Rc2 Nd6+ 34. Bxd6 Kxd6 35. a4 bxa4 36. Rc4 Ra5 37. Rd4+ Kc7 38. Kf4 a3 39. Rd1 a2 40. Ra1 Ra4+ 0-1

[Event "Ch"]
[Site "Ch Yugoslavia"]
[Date "1995.??.??"]
[Round "?"]
[White "Raicevic, Vladimir"]
[Black "Drasko, Milan"]
[Result "1/2-1/2"]
[WhiteElo "2465"]
[BlackElo "2510"]
[PlyCount "66"]
[EventDate "1995.??.??"]
[Source "www.chesslib.no"]
[SourceDate "2004.05.04"]

1. d4 d5 2. Nf3 Nf6 3. c4 dxc4 4. Qa4+ c6 5. Qxc4 Bf5 6. Nc3 e6 7. Bg5 Be7 8. e3 h6 9. Bh4 Nbd7 10. Qb3 O-O 11. h3 b5 12. Be2 Ne4 13. Bxe7 Qxe7 14. O-O Rab8 15. Rac1 Rfc8 16. Rfd1 a5 17. Bd3 a4 18. Qc2 Nxc3 19. Qxc3 Bxd3 20. Rxd3 c5 21. dxc5 Nxc5 22. Qb4 Qf8 23. Rdc3 Nd7 24. Kh1 Rc7 25. Qa3 Nf6 26. Rc4 Rc5 27. Ng1 Rcc8 28. f4 Ne4 29. Kh2 Qe7 30. g4 Rc7 31. f5 Ra8 32. g5 Rac8 33. f6 Rb7 1/2-1/2

[Event "Gistrup"]
[Site "Gistrup"]
[Date "1996.??.??"]
[Round "8"]
[White "Hellsten, Johan"]
[Black "Volzhin, Alexander"]
[Result "0-1"]
[WhiteElo "2490"]
[BlackElo "2485"]
[PlyCount "72"]
[EventDate "1996.07.15"]
[Source "ChessBase"]

1. d4 d5 2. Nf3 Nf6 3. c4 dxc4 4. Qa4+ Nc6 5. Nc3 Nd5 6. e4 Nb6 7. Qd1 Bg4 8. d5 Ne5 9. Qd4 Ng6 10. Be3 Bxf3 11. gxf3 e5 12. dxe6 fxe6 13. Qxd8+ Rxd8 14. f4 Bb4 15. Bh3 Rf8 16. f5 exf5 17. exf5 Nh4 18. O-O Nxf5 19. Rfe1 Nxe3 20. Rxe3+ Kf7 21. Ne4 h6 22. a3 Be7 23. Rae1 Rd3 24. Be6+ Kg6 25. R3e2 Bd6 26. Rc2 Rd4 27. Kg2 Re8 28. Bf5+ Kf7 29. f4 g6 30. Rce2 Kg7 31. Nxd6 Rxe2+ 32. Rxe2 cxd6 33. Be4 d5 34. Bc2 Rxf4 35. Re7+ Kf6 36. Rxb7 Rd4 0-1